Statistics for Count to 10: Nordic Edition

Click here to take the quiz!

General Stats

  • This quiz has been taken 8 times
    (7 since last reset)
  • The average score is 36 of 60

Answer Stats

#Icelandic% Correct
8Åtta
86%
1Ett
86%
5Fem
86%
4Fyra
86%
9Nio
86%
6Sex
86%
7Sju
86%
10Tio
86%
3Tre
86%
2Två
86%
1En
71%
1En
71%
5Fem
71%
5Fem
71%
8Kahdeksan
71%
2Kaks
71%
2Kaksi
71%
3Kolme
71%
6Kuusi
71%
10Kymmenen
71%
4Neljä
71%
9Ni
71%
9Ni
71%
7Seitsemän
71%
6Seks
71%
6Seks
71%
10Ti
71%
10Ti
71%
3Tre
71%
3Tre
71%
5Viisi
71%
9Yhdeksän
71%
1Yksi
71%
8Åtte
57%
4Fire
57%
8Kaheksa
57%
3Kolm
57%
6Kuus
57%
4Neli
57%
8Otte
57%
7Seitse
57%
2To
57%
1Üks
57%
5Viis
57%
1Einn
43%
4Fire
43%
10Kümme
43%
6Sex
43%
2To
43%
9Üheksa
43%
8
Átta
29%
3
Þrír
29%
7Syv
29%
7Syv
29%
4
Fjórir
14%
9
Níu
14%
7
Sjö
14%
10
Tíu
14%
5Fimm
14%
2Tvier
14%

Score Distribution

Percentile by Number Answered

Percent of People with Each Score

Your Score History

You have not taken this quiz since the last reset